000 00456nam a2200181Ia 4500
001 7820
005 20260306160523.0
008 260306t2018||||xx |||||||||||||| ||spa||
041 _aESP
082 _a362.4
_bP72
110 _aPoder Judicial del Perú
245 0 _aProtocolo de atención judicial para personas con discapacidad
260 _c2018
300 _a267 páginas :
_c21 cm.
650 _aGEN
654 _aCDE
942 _cLIB
_dJUS
_fJUS
_2ddc
_n
999 _c7820
_d7820